[Event "Michigan Juniors"]
[Site "East Grand Rapids"]
[Date "2005.03.20"]
[Round "5.8"]
[White "Applebee, Nick"]
[Black "Zaremba, Anatoli"]
[Result "0-1"]
[WhiteElo "973"]
[BlackElo "1483"]
[PlyCount "78"]
[EventDate "2005.03.19"]
[EventType "swiss"]
[EventRounds "5"]
[EventCountry "USA"]
[SourceTitle "EXT 2006"]
[Source "ChessBase"]
[SourceDate "2005.11.24"]
[SourceVersion "1"]
[SourceVersionDate "2005.11.24"]
[SourceQuality "1"]

1. e4 c5 2. Bc4 Nc6 3. Nf3 e6 4. Nc3 d6 5. d3 Nf6 6. Bg5 Be7 7. Bb5 Bd7 8. Qe2 h6 9. Bxf6 Bxf6 10. e5 Nxe5 11. Bxd7+ Qxd7 12. Nxe5 Bxe5 13. g3 Qc6 14. Qe4 Qxe4+ 15. dxe4 a6 16. f4 Bf6 17. 0-0-0 Bxc3 18. bxc3 Ke7 19. Rhe1 Rad8 20. h4 h5 21. Re3 c4 22. Rd4 b5 23. e5 dxe5 24. Rxd8 Rxd8 25. Rxe5 Rd5 26. Rxd5 exd5 27. Kd2 f5 28. Ke3 Ke6 29. Kd4 Kd6 30. Ke3 Kc5 31. Kd2 d4 32. cxd4+ Kxd4 33. Ke2 Kc3 34. Kd1 Kb2 35. Kd2 c3+ 36. Kd1 Kxa2 37. Ke1 Kb2 38. Kd1 a5 39. Ke1 Kxc2 0-1

[Event "Michigan Juniors"]
[Site "East Grand Rapids"]
[Date "2005.03.20"]
[Round "4.4"]
[White "Schmidt, Christopher"]
[Black "Zaremba, Anatoli"]
[Result "1-0"]
[WhiteElo "1333"]
[BlackElo "1483"]
[PlyCount "51"]
[EventDate "2005.03.19"]
[EventType "swiss"]
[EventRounds "5"]
[EventCountry "USA"]
[SourceTitle "EXT 2006"]
[Source "ChessBase"]
[SourceDate "2005.11.24"]
[SourceVersion "1"]
[SourceVersionDate "2005.11.24"]
[SourceQuality "1"]

1. e4 c5 2. Nf3 d6 3. d4 cxd4 4. Nxd4 Nc6 5. Nc3 Nf6 6. Bc4 Qb6 7. Nxc6 bxc6 8. Bb3 g6 9. Be3 Qc7 10. f3 Bg7 11. Qd2 h5 12. 0-0-0 c5 13. Nd5 Nxd5 14. Qxd5 Be6 15. Ba4+ Kd8 16. Qxa8+ Bc8 17. Qc6 Qb8 18. Qb5 Qc7 19. Bxc5 Bd7 20. Qxd7+ Qxd7 21. Bxd7 Kxd7 22. Bd4 Bh6+ 23. Kb1 Ra8 24. Rd3 a6 25. Rhd1 Bf4 26. h3 1-0

[Event "Michigan Juniors"]
[Site "East Grand Rapids"]
[Date "2005.03.19"]
[Round "3.3"]
[White "Zaremba, Anatoli"]
[Black "Gattinger, John"]
[Result "1/2-1/2"]
[WhiteElo "1483"]
[BlackElo "1846"]
[PlyCount "133"]
[EventDate "2005.03.19"]
[EventType "swiss"]
[EventRounds "5"]
[EventCountry "USA"]
[SourceTitle "EXT 2006"]
[Source "ChessBase"]
[SourceDate "2005.11.24"]
[SourceVersion "1"]
[SourceVersionDate "2005.11.24"]
[SourceQuality "1"]

1. d4 Nf6 2. c4 e6 3. Nc3 c5 4. e3 d5 5. cxd5 exd5 6. dxc5 Bxc5 7. Nf3 Nc6 8. Be2 0-0 9. 0-0 Be6 10. Qc2 Nb4 11. Qa4 a6 12. a3 Nc6 13. b4 d4 14. exd4 Bxd4 15. Rd1 Bxc3 16. Rxd8 Rfxd8 17. Rb1 Bf5 18. Bb2 Bxb1 19. Bxc3 Nd5 20. Qb3 Nxc3 21. Qxc3 Rac8 22. Qb2 Bf5 23. h3 Rd6 24. b5 Ne7 25. Qb4 Rcd8 26. bxa6 bxa6 27. Bxa6 Rxa6 28. Qxe7 Rda8 29. Ne5 Be6 30. Nf3 R6a7 31. Qc5 Rxa3 32. Nd4 R3a5 33. Qc3 R5a6 34. Nxe6 Rxe6 35. Qd4 Rae8 36. g3 h6 37. Kg2 Kh7 38. Qd3+ g6 39. g4 Re5 40. Kg3 R8e7 41. h4 h5 42. g5 Re4 43. f3 R4e5 44. Qc3 Rf5 45. Qd4 Rb7 46. Qc3 Rb6 47. Qe3 Re6 48. Qd3 Re7 49. Qa3 Re8 50. Qd3 Rf8 51. Qa3 Kg8 52. Qb3 Re8 53. Qc3 Rfe5 54. Qd3 R8e7 55. Qd8+ Kh7 56. Qd4 R5e6 57. Qc3 f6 58. gxf6 Rf7 59. Qd3 Rexf6 60. Qc3 Rf5 61. Qe3 Rg7 62. Qd3 Rf8 63. Qc2 Rfg8 64. Qe4 Kh8 65. Qe5 Kh7 66. Qe4 Rf8 67. Qd4 1/2-1/2

[Event "Lansing op"]
[Site "Lansing"]
[Date "2004.09.05"]
[Round "5"]
[White "Van Horn, De Wayne"]
[Black "Zaremba, Anatoli"]
[Result "0-1"]
[WhiteElo "1280"]
[BlackElo "1240"]
[PlyCount "102"]
[EventDate "2004.09.03"]
[EventType "swiss"]
[EventRounds "7"]
[EventCountry "USA"]
[SourceTitle "EXT 2007"]
[Source "ChessBase"]
[SourceDate "2006.11.23"]
[SourceVersion "1"]
[SourceVersionDate "2006.11.23"]
[SourceQuality "1"]

1. d4 d5 2. c4 e6 3. Nc3 Nf6 4. Bg5 Be7 5. e3 c5 6. f3 Nc6 7. Be2 b6 8. Nh3 Bb7 9. Nf2 cxd4 10. exd4 dxc4 11. 0-0 Qxd4 12. Qa4 0-0 13. Rad1 Qe5 14. f4 Qc7 15. Bxc4 a6 16. Qc2 b5 17. Bxf6 Bxf6 18. Bb3 Nd4 19. Qd3 Nxb3 20. axb3 Qc6 21. Nce4 Bxb2 22. Rd2 Bf6 23. Qg3 Be7 24. h4 f5 25. Ng5 Rad8 26. Re2 Bxg5 27. fxg5 Qd6 28. Qh3 Rfe8 29. h5 Qf4 30. h6 Qxg5 31. hxg7 Qxg7 32. Re3 Kh8 33. Rg3 Qe7 34. Nd3 Rg8 35. Rf2 Rxg3 36. Qxg3 Qg7 37. Qe3 Be4 38. Nf4 Qh6 39. Qc1 e5 40. Qa1 Qd6 41. Ne2 Qd1+ 42. Qxd1 Rxd1+ 43. Kh2 Rd2 44. Kg1 Bd3 45. Ng3 Rxf2 46. Kxf2 a5 47. Ke3 Bc2 48. Kd2 Be4 49. Nxe4 fxe4 50. Ke3 a4 51. bxa4 bxa4 0-1

[Event "Lansing op"]
[Site "Lansing"]
[Date "2004.09.04"]
[Round "2"]
[White "Ormechea, John Marc"]
[Black "Zaremba, Anatoli"]
[Result "0-1"]
[WhiteElo "949"]
[BlackElo "1240"]
[PlyCount "94"]
[EventDate "2004.09.03"]
[EventType "swiss"]
[EventRounds "7"]
[EventCountry "USA"]
[SourceTitle "EXT 2007"]
[Source "ChessBase"]
[SourceDate "2006.11.23"]
[SourceVersion "1"]
[SourceVersionDate "2006.11.23"]
[SourceQuality "1"]

1. e4 c5 2. Nc3 d6 3. Bb5+ Bd7 4. d4 cxd4 5. Qxd4 Nc6 6. Qd3 g6 7. Nge2 Bg7 8. a3 Nf6 9. 0-0 0-0 10. f4 a6 11. Bc4 Rc8 12. Nd5 Na5 13. Nxf6+ Bxf6 14. Ba2 Qb6+ 15. Kh1 Bb5 16. Qd2 Nc4 17. Bxc4 Rxc4 18. Ng3 Rd4 19. Qe1 Bxf1 20. Nxf1 Qc6 21. Ng3 Qxc2 22. Be3 Rd3 23. f5 Bd4 24. Bxd4 Rxd4 25. fxg6 fxg6 26. b4 Rf2 27. Rc1 Qd2 28. Qxd2 Rdxd2 29. Nf1 Rc2 30. Rd1 Ra2 31. Ne3 Rxa3 32. Ng4 Re2 33. h4 Rxe4 34. Nf2 Rxh4+ 35. Kg1 Rxb4 36. g4 Rab3 37. Rc1 Rb1 38. Nd3 Rxc1+ 39. Nxc1 Rb1 40. Kf2 Rxc1 41. Kg3 g5 42. Kf3 Rc4 43. Kg3 a5 44. Kf2 a4 45. Kg3 a3 46. Kf3 a2 47. Kg3 a1Q 0-1

[Event "Auburn Hills op"]
[Site "Auburn Hills"]
[Date "2003.04.26"]
[Round "1"]
[White "Zaremba, Anatoli"]
[Black "Mandell, Sheldon"]
[Result "1-0"]
[WhiteElo "1195"]
[BlackElo "1301"]
[PlyCount "93"]
[EventDate "2003.04.26"]
[EventType "swiss"]
[EventRounds "5"]
[EventCountry "USA"]
[SourceTitle "EXT 2007"]
[Source "ChessBase"]
[SourceDate "2006.11.23"]
[SourceVersion "1"]
[SourceVersionDate "2006.11.23"]
[SourceQuality "1"]

1. d4 d5 2. c4 dxc4 3. Nc3 Bf5 4. Nf3 e6 5. e4 Bg4 6. Bxc4 Bb4 7. Be3 Nf6 8. e5 Nd5 9. Bxd5 exd5 10. 0-0 Bxc3 11. bxc3 Nd7 12. Bf4 0-0 13. Qd3 f6 14. exf6 Rxf6 15. Qe3 h6 16. Ne5 Nxe5 17. Bxe5 Rg6 18. f3 Bf5 19. Qf4 Bh3 20. Rf2 c6 21. Kh1 Be6 22. g4 Qg5 23. Qxg5 Rxg5 24. h4 Rg6 25. h5 Rg5 26. Bf4 Rf8 27. Bxg5 hxg5 28. Kg2 b5 29. Re1 Kf7 30. Rfe2 Re8 31. Kg3 a5 32. a3 Bd7 33. Rxe8 Bxe8 34. f4 gxf4+ 35. Kxf4 Bd7 36. Rh1 Kf6 37. h6 gxh6 38. Rxh6+ Kg7 39. Rd6 Be8 40. Kf5 Kf7 41. g5 Ke7 42. Re6+ Kf7 43. g6+ Kf8 44. Kf6 Bd7 45. g7+ Kg8 46. Re7 b4 47. Rxd7 1-0

[Event "Motor City op"]
[Site "Warren"]
[Date "2002.12.01"]
[Round "7"]
[White "Taliaferro, Robert"]
[Black "Zaremba, Anatoli"]
[Result "1-0"]
[WhiteElo "1533"]
[BlackElo "1137"]
[PlyCount "67"]
[EventDate "2002.11.29"]
[EventType "swiss"]
[EventRounds "7"]
[EventCountry "USA"]
[SourceTitle "EXT 2009"]
[Source "ChessBase"]
[SourceDate "2008.11.26"]
[SourceVersion "1"]
[SourceVersionDate "2008.11.26"]
[SourceQuality "1"]

1. d4 d5 2. c4 e6 3. Nc3 Nf6 4. Bg5 Be7 5. e3 Nbd7 6. cxd5 Nxd5 7. Bxe7 Nxe7 8. e4 Nb6 9. g3 Nc6 10. Nf3 0-0 11. Bg2 f6 12. 0-0 Ne7 13. Qb3 c6 14. Bh3 f5 15. Ng5 Rf6 16. exf5 Nxf5 17. Bxf5 Rxf5 18. Nxe6 Bxe6 19. Qxe6+ Rf7 20. Rad1 Qd7 21. Rfe1 Qxe6 22. Rxe6 Rd8 23. Ne4 Rfd7 24. Ng5 h6 25. Nf3 Nc4 26. b3 Rd6 27. Re7 Nb6 28. Rxb7 c5 29. Rxa7 cxd4 30. Ra6 d3 31. Ne5 Rd5 32. Nc6 Re8 33. Rxb6 d2 34. Rb8 1-0

[Event "Motor City op"]
[Site "Warren"]
[Date "2002.12.01"]
[Round "6"]
[White "Zaremba, Anatoli"]
[Black "Li, Derek"]
[Result "1-0"]
[WhiteElo "1137"]
[BlackElo "1434"]
[PlyCount "81"]
[EventDate "2002.11.29"]
[EventType "swiss"]
[EventRounds "7"]
[EventCountry "USA"]
[SourceTitle "EXT 2009"]
[Source "ChessBase"]
[SourceDate "2008.11.26"]
[SourceVersion "1"]
[SourceVersionDate "2008.11.26"]
[SourceQuality "1"]

1. d4 Nf6 2. c4 g6 3. Nc3 Bg7 4. Nf3 d6 5. e3 0-0 6. Bd3 c5 7. d5 Bg4 8. h3 Bxf3 9. Qxf3 Nbd7 10. 0-0 Ne5 11. Qe2 Nxd3 12. Qxd3 Qc7 13. Re1 a6 14. Bd2 Rac8 15. a4 Rfe8 16. e4 Qb6 17. f4 Nh5 18. e5 Qc7 19. exd6 Qxd6 20. f5 Qg3 21. Qxg3 Nxg3 22. fxg6 hxg6 23. Kh2 Nf5 24. Ne4 Nd4 25. Rab1 f5 26. Ng5 Nb3 27. Bf4 Bh6 28. Ne6 Bxf4+ 29. Nxf4 Nd4 30. Nxg6 Kf7 31. Nf4 e5 32. dxe6+ Nxe6 33. Re5 Kf6 34. Rbe1 Rc6 35. Rxe6+ Rcxe6 36. Rxe6+ Rxe6 37. Nxe6 Kxe6 38. Kg3 Kf6 39. Kf4 Kg6 40. g4 fxg4 41. Kxg4 1-0

[Event "Motor City op"]
[Site "Warren"]
[Date "2002.11.30"]
[Round "4"]
[White "Reddick, Forrest"]
[Black "Zaremba, Anatoli"]
[Result "0-1"]
[WhiteElo "944"]
[BlackElo "1137"]
[PlyCount "89"]
[EventDate "2002.11.29"]
[EventType "swiss"]
[EventRounds "7"]
[EventCountry "USA"]
[SourceTitle "EXT 2009"]
[Source "ChessBase"]
[SourceDate "2008.11.26"]
[SourceVersion "1"]
[SourceVersionDate "2008.11.26"]
[SourceQuality "1"]

1. d4 d5 2. Nc3 Nf6 3. Nf3 e6 4. Bg5 Be7 5. Bxf6 Bxf6 6. e4 dxe4 7. Nxe4 Nd7 8. d5 Nb6 9. Nxf6+ Qxf6 10. dxe6 Bxe6 11. Nd4 Rd8 12. c3 c5 13. Bb5+ Kf8 14. Nxe6+ Qxe6+ 15. Qe2 Qxe2+ 16. Bxe2 g6 17. 0-0 Rd2 18. Bg4 Rxb2 19. Bf3 Na4 20. c4 Nc3 21. a3 Kg7 22. Rfc1 Ne2+ 23. Bxe2 Rxe2 24. Rcb1 Rhe8 25. h3 b6 26. a4 Rc2 27. Rc1 Ree2 28. a5 Rxf2 29. Rxc2 Rxc2 30. axb6 axb6 31. Ra4 Kf6 32. g4 Ke5 33. Kf1 Kd4 34. Ra6 Kxc4 35. Rxb6 Kd3 36. Rf6 Rh2 37. Rxf7 Rxh3 38. Kf2 c4 39. Kg2 Re3 40. Rxh7 Kd2 41. g5 c3 42. Rh6 c2 43. Rxg6 c1Q 44. Kf2 Qe1+ 45. Kg2 0-1

[Event "Motor City op"]
[Site "Warren"]
[Date "2002.11.29"]
[Round "1"]
[White "Scott, Steven"]
[Black "Zaremba, Anatoli"]
[Result "1-0"]
[WhiteElo "1775"]
[BlackElo "1137"]
[PlyCount "65"]
[EventDate "2002.11.29"]
[EventType "swiss"]
[EventRounds "7"]
[EventCountry "USA"]
[SourceTitle "EXT 2009"]
[Source "ChessBase"]
[SourceDate "2008.11.26"]
[SourceVersion "1"]
[SourceVersionDate "2008.11.26"]
[SourceQuality "1"]

1. e4 c5 2. Nf3 d6 3. d4 cxd4 4. Nxd4 Nf6 5. Nc3 g6 6. Be2 Bg7 7. 0-0 0-0 8. Be3 Nc6 9. f3 d5 10. exd5 Nxd5 11. Nxd5 Qxd5 12. Nxc6 Qxc6 13. c3 Be6 14. Qc2 Bc4 15. Rfd1 Bxe2 16. Qxe2 b6 17. Qd3 Qc7 18. Qd7 Be5 19. Qxc7 Bxc7 20. Kf2 Rfd8 21. a3 Rxd1 22. Rxd1 Rd8 23. Rxd8+ Bxd8 24. a4 Bc7 25. b4 Kf8 26. Ke2 Ke8 27. Kd3 Kd7 28. b5 Ke6 29. a5 f5 30. a6 Bd6 31. Bxb6 Bb8 32. Bd4 Kd6 33. b6 1-0

[Event "Lansing op"]
[Site "Lansing"]
[Date "2001.09.03"]
[Round "6"]
[White "Zaremba, Anatoli"]
[Black "Krivochenitser, Roman"]
[Result "0-1"]
[WhiteElo "1061"]
[BlackElo "1381"]
[PlyCount "70"]
[EventDate "2001.08.31"]
[EventType "swiss"]
[EventRounds "7"]
[EventCountry "USA"]
[SourceTitle "EXT 2007"]
[Source "ChessBase"]
[SourceDate "2006.11.23"]
[SourceVersion "1"]
[SourceVersionDate "2006.11.23"]
[SourceQuality "1"]

1. d4 d5 2. c4 c6 3. e3 Nf6 4. Nc3 e6 5. Nf3 Nbd7 6. cxd5 cxd5 7. Bb5 Bd6 8. 0-0 0-0 9. Re1 a6 10. Ba4 b5 11. Bc2 Bb7 12. Qd3 Ne4 13. Nd2 f5 14. f3 Qh4 15. g3 Bxg3 16. Re2 Nf2 17. Rxf2 Bxf2+ 18. Kf1 Qxh2 19. Ke2 b4 20. Nf1 Qg2 21. Na4 a5 22. Nc5 Nxc5 23. dxc5 Ba6 24. Bd2 f4 25. Be1 fxe3 26. Bxf2 Qxf3+ 27. Ke1 Bxd3 28. Bxd3 Qxf2+ 29. Kd1 Qxb2 30. Nxe3 Qxa1+ 31. Kd2 Qxa2+ 32. Kc1 Rf2 33. c6 Rc8 34. c7 Qb2+ 35. Kd1 Qa1+ 0-1